00768nam a22002297a 4500003000900000005001700009008003800026040002200064082002100086100001700107245008600124260004200210300002700252490001700279700003400296830001700330942001200347945002800359952012300387956001300510999001500523DO-SdBNP20180131115621.0151019b sp 1966 |||| 00| 0 spa d aBPMSUbspacBPMSU 4axxxxxxxbxxxxxxx1 aBlyton, Enid14aLos niños de prados verdes /cEnid Blyton ; traducción M. L. Pol de Ramírez aBarcelona, España :bMolino,c1966. a185 p. :bil.,c20 cm.1 aAventurav671 aPol Ramírez, M. L. de,ntr. 0aAventuran67 2ddccBK aInventariado, 2018 / BT 00102ddc40708CJ-GaBPMETbBPMETd2015-10-19eFUNDIl0oxxxxxxx xxxxxxxpBPMESU15100123r2015-10-19w2015-10-19yBK aBTAVAREZ c8395d8395